Hospital management / (Record no. 67935)

MARC details
000 -LEADER
fixed length control field 00559nam a22001577a 4500
005 - DATE AND TIME OF LATEST TRANSACTION
control field 20120614150952.0
020 ## - INTERNATIONAL STANDARD BOOK NUMBER
International Standard Book Number 8174451153
Terms of availability 00
035 ## - SYSTEM CONTROL NUMBER
System control number B-31064
037 ## - SOURCE OF ACQUISITION
Stock number DPL
Source of stock number/acquisition ENG
100 ## - MAIN ENTRY--PERSONAL NAME
Personal name Heggade, Odeyar D
245 ## - TITLE STATEMENT
Title Hospital management /
Statement of responsibility, etc by Odeyar D Heggade
260 ## - PUBLICATION, DISTRIBUTION, ETC. (IMPRINT)
Place of publication, distribution, etc New Delhi
Name of publisher, distributor, etc Mohit Publications
Date of publication, distribution, etc 2000
300 ## - PHYSICAL DESCRIPTION
Extent viii, 181p.
Dimensions 20 cms.
942 ## - ADDED ENTRY ELEMENTS (KOHA)
Source of classification or shelving scheme Dewey Decimal Classification
Item type English Books
Classification part 362.12068
Call number suffix HEG
Holdings
Withdrawn status Lost status Not for loan Collection code Home library Current library Date acquired Cost, normal purchase price Full call number Barcode Cost, replacement price Koha item type
      Non-fiction Sarojini Nagar Sarojini Nagar 14/06/2012 0.00 362.12068 HEG B-31064 0.00 English Books

© Delhi Public Library
Hit Counter
free hit counter